| 000 | 00619nam a2200193 a 4500 | ||
|---|---|---|---|
| 001 | 000023683 | ||
| 005 | 20200930022406.0 | ||
| 008 | 101218s1970 mx 000 0 spa d | ||
| 040 |
_aDO-SdBNP _bspa _cBNPHU |
||
| 082 |
_ann* _bnn* |
||
| 100 | 1 |
_aJiménez Alarcón, Moisés. _948788 |
|
| 245 | 1 | 0 |
_aPrimer curso de español / _cMoisés Jiménez Alarcón y José Vizcaíno Pérez. |
| 260 |
_aMéxico, D. F. : _bHerrero, _c1970. |
||
| 300 |
_axxvi, 560 p. ; _c21 cm. |
||
| 490 | 1 | _aLiteratura Hispanomexicana | |
| 700 | 1 |
_aVizcaíno Pérez, José. _948789 |
|
| 830 | 0 |
_aLiteratura Hispanomexicana _948790 |
|
| 049 | _aBNGR | ||
| 999 |
_c23179 _d23179 |
||